Datum a čas kvízu
26.5
Celkem bodů
Celkový počet nahraných bodů na tomto kvízu bez doplňovacích otázek.
3.
Pořadí na kvízu
Konečné umístění týmu na tomto kvízu.
Zaznamenané odpovědi
| # | Otázka | Odpověď | Body | Výsledky |
|---|---|---|---|---|
| 1. | Průměrná mzda v České republic... | 1D 2C 3B 4A | 0 | |
| 2. | Taxikář Jorge ze španělského m... | jezdí v sukni | 1 | |
| 3. | Minulý týden se vrátil do kin... | Hana Brejchová | 1 | |
| 4. | V pondělí skončil po osmnácti... | iTunes | 0 | |
| 5. | Oštěpařka Barbora Špotáková se... | Řím | 0 | |
| 6. | Na každé písmeno abecedy exist... | geologie | 1 | |
| 5. | Nyní se zeptáme na název oboru... | genologie | 0 | |
| 8. | Uveďte název nauky o určování... | geochronologie | 0 | |
| 5. | Jaký je název lékařského oboru... | geriatrie | 0 | |
| 5. | Tentokrát nás bude zajímat náz... | genealogie | 1 |